000 00911nam a2200229Ii 4500
003 JO-AjNU
008 230605s9999||||xx |||||||||||||| ||und||
017 _a1998/8/1252
020 _a978-9957-00-008-0
040 _aJO-AjNU
_bara
_erda
_cJO-AjNU
041 _aara
050 1 4 _aDS38.6.F37 2020
100 3 _aفوزي، فاروق عمر,
_eauthor
_962018
245 0 0 _aالخلافة العباسية: السقوط والانهيار، ج2
250 _aالطبعة العربية الاولى
264 3 1 _aعمان: دار الشروق للنشر والتوزيع، 2020
300 _aج2: 309ص
_b ويحتوي على قائمة مراجع من ص291-ص309
336 _atext
_btxt
_2rdacontent
337 _aunmediated
_bn
_2rdamedia
338 _avolume
_bnc
_2rdacarrier
650 4 _aالعباسيون-الثورات-البلاد الاسلامية-تاريخ-العصر العباسي
_962019
999 _aA28062
_c31630
_d31630